000
00296nam a22001217a 4500
008
260116b ||||| |||| 00| 0 eng d
041
_a
eng
080
_8
001
_a
0001
100
_a
22
101
_a
marke
245
_a
The Accounting Review
_c
Shanom w Amderson, Lanen , Lisa Orie
942
_2
udc
_c
BK
999
_c
60751
_d
60751